Methode als Handeln: die Grenzen der Überprüfbarkeit wissenschaftlicher Aussagen
| Main Author: | |
|---|---|
| Format: | Print Book |
| Language: | German |
| Published: |
Frankfurt/M. [usw.]
Campus Verl.
[1981]
|
| In: |
Campus Forschung (151)
Year: 1981 |
| Availability in Tübingen: | Present in Tübingen. IFK: Q II 133 |
| Check availability: | HBZ Gateway |
| Subito Delivery Service: | Order now. |
| Keywords: |
MARC
| LEADER | 00000cam a2200000 c 4500 | ||
|---|---|---|---|
| 001 | 436046458 | ||
| 003 | DE-627 | ||
| 005 | 20260206194017.0 | ||
| 007 | tu | ||
| 008 | 850101s1981 xx ||||| m 00| ||ger c | ||
| 020 | |a 3593327554 |9 3-593-32755-4 | ||
| 035 | |a (DE-627)436046458 | ||
| 035 | |a (DE-603)032931735 | ||
| 035 | |a (DE-576)007893663 | ||
| 035 | |a (DE-599)GBV436046458 | ||
| 035 | |a (OCoLC)252396689 | ||
| 035 | |a (OCoLC)08411297 | ||
| 035 | |a (DE-604)8064496287 | ||
| 040 | |a DE-627 |b ger |c DE-627 |e rakwb | ||
| 041 | |a ger | ||
| 082 | 0 | |a 300/.72 | |
| 082 | 0 | |a 300.72 |2 DDC19oclc | |
| 084 | |a CC 3200 |2 rvk |0 (DE-625)rvk/17614: | ||
| 084 | |a MR 1050 |2 rvk |0 (DE-625)rvk/123484: | ||
| 100 | 1 | |8 1\p |a Beyer, Ulrich-Johannes |0 (DE-588)17200411X |0 (DE-627)69690120X |0 (DE-576)132880024 |4 aut | |
| 109 | |a Beyer, Ulrich-Johannes | ||
| 245 | 1 | 0 | |a Methode als Handeln |b die Grenzen der Überprüfbarkeit wissenschaftlicher Aussagen |c Ulrich-Johannes Beyer |
| 264 | 1 | |a Frankfurt/M. [usw.] |b Campus Verl. |c [1981] | |
| 300 | |a 534 S. |c 8" | ||
| 336 | |a Text |b txt |2 rdacontent | ||
| 337 | |a ohne Hilfsmittel zu benutzen |b n |2 rdamedia | ||
| 338 | |a Band |b nc |2 rdacarrier | ||
| 490 | 1 | |a (Campus Forschung |v 151) | |
| 502 | |a Zugl.: Erlangen-Nürnberg, Univ., Diss., 1980 | ||
| 650 | 0 | |a Science |x Philosophy |2 DE-289 | |
| 650 | 0 | 7 | |0 (DE-588)4066611-6 |0 (DE-627)106112961 |0 (DE-576)209165308 |a Wissenschaftssoziologie |2 gnd |
| 655 | 7 | |a Hochschulschrift |0 (DE-588)4113937-9 |0 (DE-627)105825778 |0 (DE-576)209480580 |2 gnd-content | |
| 689 | 0 | 0 | |d s |0 (DE-588)4066611-6 |0 (DE-627)106112961 |0 (DE-576)209165308 |a Wissenschaftssoziologie |2 gnd |
| 689 | 0 | |5 (DE-627) | |
| 751 | |a Nürnberg |0 (DE-588)4042742-0 |0 (DE-627)106212834 |0 (DE-576)209052325 |4 uvp | ||
| 751 | |a Erlangen |0 (DE-588)4015299-6 |0 (DE-627)106337254 |0 (DE-576)208911154 |4 uvp | ||
| 830 | 0 | |a Campus Forschung |v 151 |9 151 |w (DE-627)12996798X |w (DE-576)028415078 |w (DE-600)409345-8 |x 2943-3282 |7 am | |
| 883 | |8 1\p |a cgwrk |d 20241001 |q DE-101 |u https://d-nb.info/provenance/plan#cgwrk | ||
| 935 | |i Blocktest | ||
| 936 | r | v | |a CC 3200 |b Abhandlungen zur allgemeinen Wissenschaftstheorie |k Philosophie |k Systematische Philosophie |k Allgemeine Wissenschaftstheorie |k Abhandlungen zur allgemeinen Wissenschaftstheorie |0 (DE-627)1270638769 |0 (DE-625)rvk/17614: |0 (DE-576)200638769 |
| 936 | r | v | |a MR 1050 |b Allgemeine (philosophische) Abhandlungen |k Soziologie |k Sozialwissenschaftliche Theorien und Methoden |k Wissenschaftstheorie und Erkenntnistheorie |k Allgemeine (philosophische) Abhandlungen |0 (DE-627)1271427443 |0 (DE-625)rvk/123484: |0 (DE-576)201427443 |
| 936 | s | n | |a c100 |2 mzub |
| 936 | s | n | |a m200 |2 mzub |
| 951 | |a BO | ||
| ELC | |b 1 | ||
| LOK | |0 000 xxxxxcx a22 zn 4500 | ||
| LOK | |0 001 3156791849 | ||
| LOK | |0 003 DE-627 | ||
| LOK | |0 004 436046458 | ||
| LOK | |0 005 20020607000000 | ||
| LOK | |0 008 930709||||||||||||||||ger||||||| | ||
| LOK | |0 040 |a DE-21-110 |c DE-627 |d DE-21-110 | ||
| LOK | |0 852 |a DE-21-110 | ||
| LOK | |0 852 1 |c Q II 133 |m p |9 00 | ||
| LOK | |0 935 |a k110 | ||
| LOK | |0 936ln |a 1.6 | ||
| LOK | |0 938 |k p | ||
| LOK | |0 939 |a 09-07-93 |b l01 | ||
| ORI | |a SA-MARC-krimdoka001.raw | ||
| SIG | |a IFK: Q II 133 | ||
